宮崎県の市町村(1968年) - Statistics

General Stats
  • This quiz has been taken 9 times
  • The average score is 35 of 45
Answer Stats
コード 市町村 備考 % Correct
45201 宮崎市
100%
45202 都城市
100%
45203 延岡市
100%
45204 日南市
100%
45206 日向市
100%
45208 西都市
100%
45205 小林市
88%
45207 串間市
88%
45361 西諸県郡高原町
88%
45382 東諸県郡国富町
88%
45401 児湯郡高鍋町
88%
45402 児湯郡新富町
88%
45403 児湯郡西米良村
88%
45405 児湯郡川南町
88%
45406 児湯郡都農町
88%
45429 東臼杵郡諸塚村
88%
45430 東臼杵郡椎葉村
88%
45301 宮崎郡清武町 2010年消滅
75%
45303 宮崎郡佐土原町 2006年消滅
75%
45341 北諸県郡三股町
75%
45342 北諸県郡山之口町 2006年消滅
75%
45362 西諸県郡野尻町 2010年消滅
75%
45363 西諸県郡須木村 2006年消滅
75%
45364 西諸県郡えびの町 1970年昇格
75%
45381 東諸県郡高岡町 2006年消滅
75%
45383 東諸県郡綾町
75%
45404 児湯郡木城村 1973年昇格
75%
45421 東臼杵郡門川町
75%
45441 西臼杵郡高千穂町
75%
45442 西臼杵郡日之影町
75%
45443 西臼杵郡五ヶ瀬町
75%
45302 宮崎郡田野町 2006年消滅
63%
45321 南那珂郡北郷町 2009年消滅
63%
45322 南那珂郡南郷町 2009年消滅
63%
45343 北諸県郡高城町 2006年消滅
63%
45344 北諸県郡山田町 2006年消滅
63%
45345 北諸県郡高崎町 2006年消滅
63%
45423 東臼杵郡南郷村 2006年消滅
63%
45424 東臼杵郡西郷村 2006年消滅
63%
45425 東臼杵郡北郷村 2006年消滅
63%
45426 東臼杵郡北方村 1970年昇格
63%
45427 東臼杵郡北川村 1972年昇格
63%
45428 東臼杵郡北浦村 1972年昇格
63%
45422 東臼杵郡東郷村 1969年昇格
50%
45444 西臼杵郡上野村 1969年消滅
50%
No matching quizzes found
Score Distribution
Percent of People with Each Score
Percentile by Number Answered
Your Score History
You have not taken this quiz